<?xml version="1.0" encoding="UTF-8"?>
<collection xmlns="http://www.loc.gov/MARC21/slim">
 <record>
  <leader>00885cam a2200181 7i4500</leader>
  <controlfield tag="001">0000107233</controlfield>
  <controlfield tag="005">20131204090000.0</controlfield>
  <controlfield tag="008">131204s2009    my                  eng   </controlfield>
  <datafield tag="090" ind1="0" ind2="0">
   <subfield code="a">TK 3001 .M3 </subfield>
   <subfield code="b">M3 2009</subfield>
  </datafield>
  <datafield tag="110" ind1="1" ind2="0">
   <subfield code="a">Malaysia. Ministry of Natural Resources and Environment</subfield>
  </datafield>
  <datafield tag="245" ind1="0" ind2="0">
   <subfield code="a">Environmental impact assessment guidelines for thermal power generation  </subfield>
   <subfield code="c">Ministry of Natural Resources and Environment.</subfield>
  </datafield>
  <datafield tag="246" ind1="0" ind2="3">
   <subfield code="a">Environmental impact assessment: </subfield>
   <subfield code="b">guidelines for thermal power generation and/or transmission projects.</subfield>
  </datafield>
  <datafield tag="260" ind1="#" ind2="#">
   <subfield code="a">Putrajaya, Malaysia: </subfield>
   <subfield code="b">Department of Environment, Ministry of Natural Resources and Environment, </subfield>
   <subfield code="c">2009.</subfield>
  </datafield>
  <datafield tag="300" ind1="#" ind2="#">
   <subfield code="a">ix, 285 p.: </subfield>
   <subfield code="b">ill.; </subfield>
   <subfield code="c">30 cm..</subfield>
  </datafield>
  <datafield tag="590" ind1="#" ind2="#">
   <subfield code="a">PPDSNZ</subfield>
  </datafield>
  <datafield tag="650" ind1="0" ind2="0">
   <subfield code="a">Electric power </subfield>
  </datafield>
  <datafield tag="710" ind1="1" ind2="1">
   <subfield code="a">Malaysia. Department of Environment. Ministry of Natural Resources and Environment </subfield>
  </datafield>
  <datafield tag="999" ind1=" " ind2=" ">
   <subfield code="a">1100090676</subfield>
   <subfield code="b">Book</subfield>
   <subfield code="c">Open Shelf</subfield>
   <subfield code="e">KOLEKSI TERBUKA</subfield>
  </datafield>
 </record>
</collection>
